000 00210nam a2200085Ia 4500
008 120527s9999 xx 000 0 und d
100 _aBernhard, A.
245 _aThe structure and function of Enzymes
942 _cBK
999 _c27283
_d27283